[Event "Steyr Landesliga 1920"]
[Site "Austria"]
[Date "2019.12.07"]
[Round "6.3"]
[White "Riedner, Martin"]
[Black "Wilfling, Hermann"]
[Result "1/2-1/2"]
[WhiteElo "2058"]
[BlackElo "2162"]
[PlyCount "30"]
[EventDate "2019.09.28"]
[EventType "team-tourn"]
[EventRounds "11"]
[EventCountry "AUT"]
[SourceTitle "CBM 194 Extra"]
[Source "ChessBase"]
[SourceDate "2020.03.31"]
[SourceVersion "1"]
[SourceVersionDate "2020.03.31"]
[SourceQuality "1"]
[WhiteTeam "Gamlitz"]
[BlackTeam "Feldbach Kirchberg"]
[WhiteTeamCountry "AUT"]
[BlackTeamCountry "AUT"]

1. e4 c5 2. Nc3 Nc6 3. Bb5 Nd4 4. Nge2 Nxb5 5. Nxb5 d6 6. d4 a6 7. Nbc3 cxd4 8. Qxd4 e6 9. Be3 Ne7 10. f4 Nc6 11. Qd3 Be7 12. 0-0 0-0 13. a4 Bd7 14. Rad1 Qc7 15. Kh1 Rab8 1/2-1/2

[Event "Steyr Landesliga 1920"]
[Site "Austria"]
[Date "2019.09.28"]
[Round "1.4"]
[White "Legenstein, Robert"]
[Black "Wilfling, Hermann"]
[Result "1-0"]
[WhiteElo "2050"]
[BlackElo "2162"]
[PlyCount "43"]
[EventDate "2019.09.28"]
[EventType "team-tourn"]
[EventRounds "11"]
[EventCountry "AUT"]
[SourceTitle "CBM 193 Extra"]
[Source "ChessBase"]
[SourceDate "2020.01.31"]
[SourceVersion "1"]
[SourceVersionDate "2020.01.31"]
[SourceQuality "1"]
[WhiteTeam "Graz Styria"]
[BlackTeam "Feldbach Kirchberg"]
[WhiteTeamCountry "AUT"]
[BlackTeamCountry "AUT"]

1. e4 c5 2. Nf3 d6 3. d4 cxd4 4. Nxd4 Nf6 5. Nc3 a6 6. Bg5 e6 7. f4 Be7 8. Qf3 Qc7 9. 0-0-0 Bd7 10. e5 dxe5 11. fxe5 Nd5 12. Bxe7 Nxe7 13. Qg3 Ng6 14. Ne4 Qxe5 15. Nd6+ Kf8 16. Qa3 Qg5+ 17. Kb1 Qe7 18. Bb5 Bxb5 19. N4f5 exf5 20. Rhe1 Be2 21. Rxe2 Qxe2 22. Nxb7+ 1-0

[Event "Steyr Landesliga 1819"]
[Site "Austria"]
[Date "2018.11.10"]
[Round "4.3"]
[White "Wilfling, Hermann"]
[Black "Bonstingl, Georg"]
[Result "1/2-1/2"]
[WhiteElo "2168"]
[BlackElo "2215"]
[PlyCount "56"]
[EventDate "2018.10.06"]
[EventType "team-tourn"]
[EventRounds "11"]
[EventCountry "AUT"]
[SourceTitle "CBM 187 Extra"]
[Source "ChessBase"]
[SourceDate "2018.11.04"]
[SourceVersion "1"]
[SourceVersionDate "2018.11.04"]
[SourceQuality "1"]
[WhiteTeam "Feldbach Kirchberg"]
[BlackTeam "Gamlitz"]
[WhiteTeamCountry "AUT"]
[BlackTeamCountry "AUT"]

1. d4 g6 2. c4 Bg7 3. Nc3 d6 4. e4 e5 5. dxe5 dxe5 6. Qxd8+ Kxd8 7. Be3 Be6 8. Nf3 f6 9. Be2 Nd7 10. 0-0 c6 11. h3 Nh6 12. Rfd1 Nf7 13. Rac1 Bh6 14. Bxh6 Nxh6 15. Rd2 Ke7 16. Rcd1 Rhd8 17. Kf1 Bg8 18. Ke1 Nf7 19. b3 Nc5 20. Rxd8 Nxd8 21. g3 a5 22. Kd2 Be6 23. Ke3 Nf7 24. h4 h6 25. Nd2 Rd8 26. f4 Bc8 27. Nf3 Bg4 28. Rxd8 Kxd8 1/2-1/2

[Event "Steyr Landesliga 1718"]
[Site "Austria"]
[Date "2018.03.24"]
[Round "10.4"]
[White "Postl, Anton"]
[Black "Wilfling, Hermann"]
[Result "1-0"]
[WhiteElo "2267"]
[BlackElo "2145"]
[PlyCount "89"]
[EventDate "2017.09.30"]
[EventType "team-tourn"]
[EventRounds "11"]
[EventCountry "AUT"]
[SourceTitle "EXT 2021"]
[Source "ChessBase"]
[SourceDate "2020.10.23"]
[SourceVersion "1"]
[SourceVersionDate "2020.10.23"]
[SourceQuality "1"]
[WhiteTeam "Fuerstenfeld/Hartberg II"]
[BlackTeam "Feldbach Kirchberg"]
[WhiteTeamCountry "AUT"]
[BlackTeamCountry "AUT"]

1. d4 Nf6 2. c4 g6 3. Nf3 Bg7 4. g3 0-0 5. Bg2 c6 6. 0-0 d6 7. Nc3 Qa5 8. e4 e5 9. Rb1 Na6 10. h3 Re8 11. d5 Qc7 12. Be3 c5 13. Nd2 Nh5 14. a3 Qe7 15. b4 b6 16. Nb5 Nc7 17. bxc5 bxc5 18. Nb3 a6 19. Nc3 Nf4 20. gxf4 exf4 21. Bd2 Qh4 22. Qf3 Be5 23. Be1 h5 24. Qd3 f3 25. Qxf3 g5 26. Qe3 Bf4 27. Qg3 Bxg3 28. fxg3 Qxh3 29. Bxh3 Bxh3 30. Rf6 Red8 31. Kh2 Bg4 32. Na5 Ne8 33. Rf2 Rdb8 34. Rfb2 Rxb2+ 35. Rxb2 Kg7 36. Bd2 Kg6 37. Rb6 f6 38. a4 Kf7 39. Nc6 Bc8 40. a5 Bg4 41. Kg2 Bc8 42. Be3 Kf8 43. e5 fxe5 44. Ne4 g4 45. Nxd6 1-0

[Event "Steyr Landesliga 1718"]
[Site "Austria"]
[Date "2017.10.21"]
[Round "3.3"]
[White "Wilfling, Hermann"]
[Black "Wagner, Stephan"]
[Result "1/2-1/2"]
[WhiteElo "2145"]
[BlackElo "2259"]
[PlyCount "31"]
[EventDate "2017.09.30"]
[EventType "team-tourn"]
[EventRounds "11"]
[EventCountry "AUT"]
[SourceTitle "CBM 181 Extra"]
[Source "ChessBase"]
[SourceDate "2017.12.12"]
[SourceVersion "1"]
[SourceVersionDate "2017.12.12"]
[SourceQuality "1"]
[WhiteTeam "Feldbach Kirchberg"]
[BlackTeam "Graz Styria"]
[WhiteTeamCountry "AUT"]
[BlackTeamCountry "AUT"]

1. Nf3 b6 2. c4 Bb7 3. Nc3 e6 4. e3 f5 5. Be2 Nf6 6. 0-0 Be7 7. b3 0-0 8. Bb2 Qe8 9. d4 Ne4 10. Ne5 d6 11. Nd3 Nxc3 12. Bxc3 Nd7 13. Bf3 Be4 14. Bxe4 fxe4 15. Nf4 Bg5 16. Nh5 1/2-1/2

[Event "Steyr Landesliga 1617"]
[Site "Austria"]
[Date "2016.10.29"]
[Round "3.4"]
[White "Wallner, Joachim"]
[Black "Wilfling, Hermann"]
[Result "1-0"]
[WhiteElo "2321"]
[BlackElo "2152"]
[PlyCount "81"]
[EventDate "2016.10.01"]
[EventType "team-tourn"]
[EventRounds "11"]
[EventCountry "AUT"]
[SourceTitle "CBM 175 Extra"]
[Source "ChessBase"]
[SourceDate "2016.12.12"]
[SourceVersion "1"]
[SourceVersionDate "2016.12.12"]
[SourceQuality "1"]
[WhiteTeam "Pinggau Friedberg"]
[BlackTeam "Feldbach Kirchberg"]
[WhiteTeamCountry "AUT"]
[BlackTeamCountry "AUT"]

1. b3 d5 2. Bb2 Bf5 3. Nf3 h6 4. g3 e6 5. Bg2 Nf6 6. 0-0 Be7 7. d3 0-0 8. Nbd2 Bh7 9. Re1 c6 10. e4 a5 11. e5 Nfd7 12. a4 Na6 13. Nd4 Nb4 14. f4 Qb6 15. Re2 Nc5 16. N2f3 Rac8 17. Rd2 Rfe8 18. h3 Bf8 19. Kh2 Qc7 20. h4 Rcd8 21. Bh3 Nd7 22. Qe2 Qb8 23. Rg1 c5 24. Nb5 d4 25. Rdd1 Nb6 26. Bc1 N6d5 27. g4 Na2 28. Bd2 Nab4 29. Rc1 Na2 30. Rcf1 Nab4 31. Ne1 Be7 32. g5 hxg5 33. hxg5 Bg6 34. Bg4 Bf8 35. Rh1 Ne3 36. Bxe3 dxe3 37. Kg1 c4 38. Qh2 f6 39. gxf6 cxd3 40. Qh8+ Kf7 41. Bh5 1-0

[Event "Steyr Landesliga 1516"]
[Site "Austria"]
[Date "2016.03.05"]
[Round "8.4"]
[White "Wilfling, Hermann"]
[Black "Zivanovic, Ivan"]
[Result "1/2-1/2"]
[WhiteElo "2144"]
[BlackElo "2303"]
[PlyCount "31"]
[EventDate "2015.09.26"]
[EventType "team-tourn"]
[EventRounds "11"]
[EventCountry "AUT"]
[SourceTitle "EXT 2017"]
[Source "ChessBase"]
[SourceDate "2016.10.25"]
[SourceVersion "1"]
[SourceVersionDate "2016.10.25"]
[SourceQuality "1"]
[WhiteTeam "Feldbach Kirchberg"]
[BlackTeam "Frauental Strassenbahn"]
[WhiteTeamCountry "AUT"]
[BlackTeamCountry "AUT"]

1. d4 Nf6 2. c4 e6 3. Nf3 c5 4. d5 exd5 5. cxd5 g6 6. Nc3 d6 7. e4 Bg7 8. Bd3 0-0 9. 0-0 a6 10. a4 Bg4 11. h3 Bxf3 12. Qxf3 Nbd7 13. Bf4 Ne8 14. Qe2 Ne5 15. Bc2 Nc7 16. Bh2 1/2-1/2

[Event "Steyr Landesliga 1516"]
[Site "Austria"]
[Date "2015.10.24"]
[Round "3.4"]
[White "Wilfling, Hermann"]
[Black "Wallner, Joachim"]
[Result "0-1"]
[WhiteElo "2144"]
[BlackElo "2323"]
[PlyCount "86"]
[EventDate "2015.09.26"]
[EventType "team-tourn"]
[EventRounds "11"]
[EventCountry "AUT"]
[SourceTitle "EXT 2017"]
[Source "ChessBase"]
[SourceDate "2016.10.25"]
[SourceVersion "1"]
[SourceVersionDate "2016.10.25"]
[SourceQuality "1"]
[WhiteTeam "Feldbach Kirchberg"]
[BlackTeam "Pinggau Friedberg"]
[WhiteTeamCountry "AUT"]
[BlackTeamCountry "AUT"]

1. Nf3 d5 2. c4 c6 3. e3 Nf6 4. d4 Bg4 5. Be2 e6 6. 0-0 Nbd7 7. Nc3 Bd6 8. b3 0-0 9. h3 Bh5 10. Bb2 Rc8 11. Nd2 Bxe2 12. Qxe2 Re8 13. Rfd1 Bb8 14. Nf3 Ne4 15. Nxe4 dxe4 16. Nd2 Qc7 17. Nf1 f5 18. Rac1 Rcd8 19. a4 Nf8 20. b4 Ng6 21. b5 Qe7 22. Bc3 Qg5 23. Be1 Nh4 24. g3 Nf3+ 25. Kg2 e5 26. dxe5 Nxe5 27. Rxd8 Rxd8 28. Rd1 Rd3 29. Rxd3 Nxd3 30. Bc3 Qe7 31. Qa2 h5 32. h4 Qf7 33. bxc6 bxc6 34. a5 Kh7 35. Qb3 Bd6 36. a6 Qg6 37. Bd4 Qg4 38. Qa2 Ne1+ 39. Kg1 Nf3+ 40. Kg2 Nxh4+ 41. Kg1 Nf3+ 42. Kg2 Ne1+ 43. Kg1 Qf3 0-1

[Event "Steyr Landesliga 1415"]
[Site "Austria"]
[Date "2015.03.07"]
[Round "8.4"]
[White "Schein, Karl Heinz"]
[Black "Wilfling, Hermann"]
[Result "1-0"]
[WhiteElo "2179"]
[BlackElo "2181"]
[PlyCount "85"]
[EventDate "2014.09.27"]
[EventType "team-tourn"]
[EventRounds "11"]
[EventCountry "AUT"]
[SourceTitle "EXT 2016"]
[Source "ChessBase"]
[SourceDate "2015.10.08"]
[SourceVersion "1"]
[SourceVersionDate "2015.10.08"]
[SourceQuality "1"]
[WhiteTeam "Leoben"]
[BlackTeam "Feldbach Kirchberg"]
[WhiteTeamCountry "AUT"]
[BlackTeamCountry "AUT"]

1. e4 c5 2. Nc3 g6 3. g3 Bg7 4. Bg2 Nc6 5. d3 d6 6. Be3 Nf6 7. h3 0-0 8. Qd2 Bd7 9. Nge2 b5 10. 0-0 b4 11. Nd1 Rb8 12. Bh6 Nd4 13. Bxg7 Kxg7 14. f4 e5 15. Nxd4 cxd4 16. f5 gxf5 17. exf5 Kh8 18. g4 Ng8 19. Nf2 f6 20. Rad1 a5 21. Ne4 Bc6 22. Rf2 Bxe4 23. dxe4 Rc8 24. Bf1 Rc5 25. Bd3 Qe7 26. Rg2 Qg7 27. g5 fxg5 28. Rxg5 Qf6 29. Kh2 Ne7 30. Rdg1 Rcc8 31. Rh5 Rg8 32. Rh6 Qf7 33. Rg4 Rxg4 34. hxg4 Ng8 35. Rh3 Rc7 36. b3 Nf6 37. Rh4 d5 38. exd5 Qxd5 39. g5 Ng8 40. Qe1 Qd6 41. Qe4 Ra7 42. f6 h6 43. Bc4 1-0

[Event "Steyr Landesliga 1415"]
[Site "Austria"]
[Date "2014.10.11"]
[Round "2.4"]
[White "Wilfling, Hermann"]
[Black "Schieder, Andreas"]
[Result "0-1"]
[WhiteElo "2181"]
[BlackElo "2174"]
[PlyCount "62"]
[EventDate "2014.09.27"]
[EventType "team-tourn"]
[EventRounds "11"]
[EventCountry "AUT"]
[SourceTitle "EXT 2016"]
[Source "ChessBase"]
[SourceDate "2015.10.08"]
[SourceVersion "1"]
[SourceVersionDate "2015.10.08"]
[SourceQuality "1"]
[WhiteTeam "Feldbach Kirchberg"]
[BlackTeam "Pinggau Friedberg"]
[WhiteTeamCountry "AUT"]
[BlackTeamCountry "AUT"]

1. d4 Nf6 2. Nf3 g6 3. g3 c5 4. Bg2 Bg7 5. 0-0 0-0 6. d5 b5 7. a4 b4 8. c4 bxc3 9. Nxc3 d6 10. e4 Nbd7 11. Qc2 Rb8 12. h3 Ne8 13. Kh2 Nc7 14. Ra3 Na6 15. Rd1 Nb4 16. Qb1 Ba6 17. Nb5 Rb7 18. Bf1 Nb6 19. b3 Nc8 20. Bd2 e6 21. Bxb4 cxb4 22. Ra2 e5 23. Nbd4 Bxf1 24. Rxf1 exd4 25. Rd2 Qb6 26. Qd1 Rc7 27. Nxd4 Bxd4 28. Rxd4 Rc1 29. Qxc1 Qxd4 30. Qc2 Nb6 31. Rd1 Qc3 0-1

[Event "Steyr Landesliga 1314"]
[Site "Austria"]
[Date "2013.11.23"]
[Round "4.4"]
[White "Mitter, Gerd"]
[Black "Wilfling, Hermann"]
[Result "1/2-1/2"]
[WhiteElo "2218"]
[BlackElo "2184"]
[PlyCount "22"]
[EventDate "2013.09.28"]
[EventType "team-tourn"]
[EventRounds "11"]
[EventCountry "AUT"]
[SourceTitle "EXT 2015"]
[Source "ChessBase"]
[SourceDate "2014.11.20"]
[SourceVersion "1"]
[SourceVersionDate "2014.11.20"]
[SourceQuality "1"]
[WhiteTeam "Trofaiach Niklasdorf"]
[BlackTeam "Feldbach Kirchberg"]
[WhiteTeamCountry "AUT"]
[BlackTeamCountry "AUT"]

1. Nf3 c5 2. g3 g6 3. Bg2 Bg7 4. c4 Nc6 5. 0-0 d6 6. Nc3 e5 7. d3 Nge7 8. a3 0-0 9. Rb1 a5 10. Bd2 Rb8 11. Nb5 h6 1/2-1/2

[Event "Steyr Landesliga 1112"]
[Site "Austria"]
[Date "2011.11.12"]
[Round "5.4"]
[White "Schieder, Andreas"]
[Black "Wilfling, Hermann"]
[Result "0-1"]
[WhiteElo "2160"]
[BlackElo "2147"]
[PlyCount "62"]
[EventDate "2011.09.24"]
[EventType "team-tourn"]
[EventRounds "11"]
[EventCountry "AUT"]
[SourceTitle "EXT 2013"]
[Source "ChessBase"]
[SourceDate "2012.11.22"]
[SourceVersion "1"]
[SourceVersionDate "2012.11.22"]
[SourceQuality "1"]
[WhiteTeam "Pinggau Friedberg"]
[BlackTeam "Feldbach Kirchberg"]
[WhiteTeamCountry "AUT"]
[BlackTeamCountry "AUT"]

1. d4 Nf6 2. Bg5 Ne4 3. Bf4 d5 4. f3 Nf6 5. e4 e6 6. Bg5 Be7 7. e5 Nfd7 8. Bxe7 Qxe7 9. f4 c5 10. c3 Nc6 11. Nf3 cxd4 12. cxd4 f5 13. Nc3 a6 14. Rc1 0-0 15. a3 Nb6 16. b4 Bd7 17. Bd3 Be8 18. h3 Bh5 19. g4 fxg4 20. Bxh7+ Kxh7 21. hxg4 Rxf4 22. Rxh5+ Kg8 23. Qd3 Raf8 24. Ng5 Rf1+ 25. Kd2 Nc4+ 26. Kc2 R8f2+ 27. Ne2 Rxe2+ 28. Qxe2 Nxd4+ 29. Kd3 Nxe2 30. Rxf1 Ng3 31. Rf7 Nxe5+ 0-1

[Event "Steyr Landesliga 1112"]
[Site "Austria"]
[Date "2011.10.15"]
[Round "3.3"]
[White "Wilfling, Hermann"]
[Black "Birk, Steffen"]
[Result "1/2-1/2"]
[WhiteElo "2147"]
[BlackElo "2242"]
[PlyCount "39"]
[EventDate "2011.09.24"]
[EventType "team-tourn"]
[EventRounds "11"]
[EventCountry "AUT"]
[SourceTitle "EXT 2013"]
[Source "ChessBase"]
[SourceDate "2012.11.22"]
[SourceVersion "1"]
[SourceVersionDate "2012.11.22"]
[SourceQuality "1"]
[WhiteTeam "Feldbach Kirchberg"]
[BlackTeam "Graz Schachfreunde"]
[WhiteTeamCountry "AUT"]
[BlackTeamCountry "AUT"]

1. d4 d5 2. Nf3 c6 3. c4 e6 4. cxd5 exd5 5. Nc3 Bd6 6. Qc2 Ne7 7. Bg5 f6 8. Bh4 Bf5 9. Qb3 Qb6 10. Nd2 0-0 11. e3 Nd7 12. Be2 Bg6 13. Bg3 Nf5 14. 0-0 Nxg3 15. hxg3 Rfe8 16. Rac1 Nf8 17. Rfd1 Ne6 18. Nf3 Qxb3 19. axb3 Bh5 20. Ne1 1/2-1/2

[Event "Steyr Landesliga 1112"]
[Site "Austria"]
[Date "2011.10.08"]
[Round "2.4"]
[White "Wilfling, Hermann"]
[Black "Dobay, Klaus"]
[Result "1-0"]
[WhiteElo "2147"]
[BlackElo "2069"]
[PlyCount "93"]
[EventDate "2011.09.24"]
[EventType "team-tourn"]
[EventRounds "11"]
[EventCountry "AUT"]
[SourceTitle "EXT 2013"]
[Source "ChessBase"]
[SourceDate "2012.11.22"]
[SourceVersion "1"]
[SourceVersionDate "2012.11.22"]
[SourceQuality "1"]
[WhiteTeam "Feldbach Kirchberg"]
[BlackTeam "Graz Austria"]
[WhiteTeamCountry "AUT"]
[BlackTeamCountry "AUT"]

1. c4 c6 2. d4 d5 3. Nf3 Nf6 4. Nc3 dxc4 5. a4 Bg4 6. Ne5 Bh5 7. Nxc4 e6 8. Qb3 b6 9. e3 Be7 10. Ne5 0-0 11. Bc4 Bd6 12. Nf3 Nbd7 13. Be2 Qc7 14. h3 e5 15. dxe5 Bxe5 16. 0-0 Nc5 17. Qc4 Bxc3 18. Qxc3 Nd5 19. Qc4 Rfe8 20. b4 Re4 21. Nd4 Bxe2 22. Qxe2 Nxb4 23. Rd1 Rae8 24. Bb2 Nb7 25. Nf5 f6 26. f3 Rf4 27. e4 Kh8 28. Qd2 a5 29. Bc1 Rxf5 30. exf5 Nd5 31. Re1 Rd8 32. Ba3 Nd6 33. Rac1 Qd7 34. Bxd6 Qxd6 35. Re6 Qb4 36. Qe2 Qd4+ 37. Kh1 h6 38. Re8+ Rxe8 39. Qxe8+ Kh7 40. Rxc6 Qa1+ 41. Kh2 Qe5+ 42. Qxe5 fxe5 43. Rd6 Nc3 44. Rxb6 Nxa4 45. Rb5 Nc3 46. Rxa5 e4 47. Rc5 1-0

[Event "Steyr Landesliga 1112"]
[Site "Austria"]
[Date "2011.09.24"]
[Round "1.4"]
[White "Schink, Barbara"]
[Black "Wilfling, Hermann"]
[Result "1/2-1/2"]
[WhiteElo "2069"]
[BlackElo "2147"]
[PlyCount "66"]
[EventDate "2011.09.24"]
[EventType "team-tourn"]
[EventRounds "11"]
[EventCountry "AUT"]
[SourceTitle "EXT 2013"]
[Source "ChessBase"]
[SourceDate "2012.11.22"]
[SourceVersion "1"]
[SourceVersionDate "2012.11.22"]
[SourceQuality "1"]
[WhiteTeam "Graz Strassenbahn"]
[BlackTeam "Feldbach Kirchberg"]
[WhiteTeamCountry "AUT"]
[BlackTeamCountry "AUT"]

1. e4 c5 2. Nf3 d6 3. d4 cxd4 4. Nxd4 a6 5. Nc3 Nf6 6. Be2 e6 7. 0-0 Be7 8. a4 0-0 9. Kh1 Qc7 10. f4 b6 11. Bf3 Bb7 12. e5 dxe5 13. fxe5 Nfd7 14. Bxb7 Qxb7 15. Bf4 Nc6 16. Qf3 Rac8 17. Nxc6 Qxc6 18. Qxc6 Rxc6 19. Rad1 Rd8 20. Rd3 Rcc8 21. Ne4 Nc5 22. Nxc5 Bxc5 23. Rfd1 Be7 24. g3 Kf8 25. Be3 b5 26. axb5 axb5 27. Rxd8+ Rxd8 28. Ra1 Ke8 29. Kg2 Rd5 30. Ra8+ Rd8 31. Ra7 Rd5 32. Ra8+ Rd8 33. Ra7 Rd5 1/2-1/2

[Event "St Veit op-A 28th"]
[Site "St Veit"]
[Date "2009.07.11"]
[Round "1"]
[White "Newrkla, Alexander"]
[Black "Wilfling, Hermann"]
[Result "0-1"]
[WhiteElo "1983"]
[BlackElo "2168"]
[PlyCount "108"]
[EventDate "2009.07.11"]
[EventType "swiss"]
[EventRounds "9"]
[EventCountry "AUT"]
[SourceTitle "CBM 131 Extra"]
[Source "ChessBase"]
[SourceDate "2009.09.03"]
[SourceVersion "2"]
[SourceVersionDate "2009.09.16"]
[SourceQuality "1"]

1. e4 c5 2. Nf3 d6 3. d4 cxd4 4. Nxd4 Nf6 5. Nc3 g6 6. Be3 Bg7 7. f3 0-0 8. Qd2 Nc6 9. 0-0-0 d5 10. Kb1 Nxd4 11. Bxd4 dxe4 12. Bxf6 Qxd2 13. Rxd2 Bxf6 14. Nxe4 Bg7 15. Bc4 b5 16. Bd5 Rb8 17. Rhd1 a5 18. Nc5 h5 19. Be4 Be5 20. Nd7 Bxd7 21. Rxd7 Bd6 22. h3 Rfc8 23. Rb7 Kg7 24. Rxb8 Rxb8 25. c3 h4 26. b3 a4 27. Kc2 f5 28. Bc6 axb3+ 29. axb3 b4 30. c4 Rc8 31. Ba4 Kf6 32. Kd3 Rc5 33. Re1 Ra5 34. Re2 Bc5 35. Re1 Ra6 36. Re2 Rd6+ 37. Kc2 Ra6 38. Kd3 e5 39. Kc2 Bd4 40. Kd3 Rd6 41. c5 Bxc5+ 42. Kc4 Bd4 43. Kxb4 Kg5 44. Kc4 Kf4 45. b4 Bb6 46. Bc2 Be3 47. b5 Bb6 48. Bd3 Rd4+ 49. Kc3 Ba5+ 50. Kc2 e4 51. fxe4 fxe4 52. Bxe4 Rxe4 53. Rf2+ Kg5 54. Kd3 Rb4 0-1